Meilleurs sons de Laylow - Statistiques

Statistiques générales
  • Ce quiz a été pris 1 283 fois
    531 depuis la dernière actualisation
  • Le résultat moyen est 8 sur 15
Statistiques - réponses
Rang Titres Streams % Correct
1 SPECIAL (ft. Nekfeu, Fousheé) 59,8M
87%
3 10' 51,2M
81%
8 UNE HISTOIRE ETRANGE 31,6M
79%
2 Vent de l'est 59,5M
70%
4 R9R-LINE (ft. Damso) 48,9M
61%
15 ...DE BÂTARD (ft. Wit.) 18,2M
56%
5 Maladresse 36,3M
55%
14 MEGATRON 20,6M
53%
12 PLUG (ft. Jok'air) 27,1M
49%
7 IVERSON 31,8M
43%
13 STUNTMEN (ft. Alpha Wann, Wit.) 21,6M
41%
11 Brûle (ft. Josman) 27,4M
37%
9 DEHORS DANS LA NIGHT 31,1M
36%
6 BURNING MAN (ft. Lomepal) 33,5M
32%
10 Stars (ft. Doums) 28,3M
23%
Aucun quiz correspondant
Distribution des résultats
% des personnes avec chaque résultat
Percentile par nombre de réponses
Votre historique - résultats
Vous n’avez pas pris ce quiz depuis la dernière actualisation